[Event "ITA-ch C"]
[Site "Civitanova Marche"]
[Date "2012.07.22"]
[Round "8"]
[White "Renzetti, Leonardo"]
[Black "Marconi, Luca"]
[Result "1-0"]
[WhiteElo "1743"]
[BlackElo "1820"]
[PlyCount "89"]
[EventDate "2012.07.15"]
[EventType "swiss"]
[EventRounds "8"]
[EventCountry "ITA"]
[SourceTitle "EXT 2023"]
[Source "ChessBase"]
[SourceDate "2022.10.05"]
[SourceVersion "1"]
[SourceVersionDate "2022.10.05"]
[SourceQuality "1"]

1. d4 d5 2. c4 c6 3. Nc3 Nf6 4. Nf3 e6 5. e3 Nbd7 6. Bd3 dxc4 7. Bxc4 b5 8. Bd3 Bb7 9. e4 a6 10. e5 Nd5 11. Nxd5 cxd5 12. 0-0 Be7 13. Bf4 Nf8 14. Qd2 Ng6 15. Bg5 Nh4 16. Bxh4 Bxh4 17. Nxh4 Qxh4 18. Qb4 Qe7 19. Qxe7+ Kxe7 20. Rac1 Rac8 21. f4 Rxc1 22. Rxc1 Rc8 23. Rc5 Rxc5 24. dxc5 b4 25. Kf2 d4 26. g4 h6 27. Ke2 Kd7 28. Bb1 f6 29. Kd3 fxe5 30. fxe5 Bf3 31. h3 Bg2 32. h4 Bh3 33. Kxd4 Bxg4 34. Be4 Be2 35. c6+ Kc7 36. Kc5 Bb5 37. h5 Be2 38. Bg6 Bf3 39. Be8 Be4 40. b3 Kd8 41. Bd7 Kc7 42. Kxb4 Bxc6 43. Bxc6 Kxc6 44. Ka5 Kd5 45. Kxa6 1-0

[Event "ITA-ch C"]
[Site "Civitanova Marche"]
[Date "2012.07.17"]
[Round "3"]
[White "Marconi, Luca"]
[Black "Piergentili, Roberto"]
[Result "1-0"]
[WhiteElo "1820"]
[BlackElo "1713"]
[PlyCount "83"]
[EventDate "2012.07.15"]
[EventType "swiss"]
[EventRounds "8"]
[EventCountry "ITA"]
[SourceTitle "EXT 2023"]
[Source "ChessBase"]
[SourceDate "2022.10.05"]
[SourceVersion "1"]
[SourceVersionDate "2022.10.05"]
[SourceQuality "1"]

1. d4 d5 2. c4 c6 3. Nc3 Nf6 4. Nf3 dxc4 5. a4 Bf5 6. e3 e6 7. Bxc4 Bb4 8. 0-0 Nbd7 9. Qb3 a5 10. Bd2 0-0 11. Rfe1 Ne4 12. Nxe4 Bxe4 13. Bxb4 axb4 14. Nd2 Nf6 15. f3 Bd5 16. Qxb4 Re8 17. Bd3 e5 18. e4 c5 19. Qxc5 Bc6 20. d5 Ra5 21. Qc3 Nxd5 22. exd5 Rxd5 23. Re3 Qb6 24. Nc4 Qa7 25. Be4 Rd4 26. b3 Bxe4 27. fxe4 Rxe4 28. Kh1 Qd4 29. Qxd4 exd4 30. Rxe4 Rxe4 31. Rd1 Kf8 32. Kg1 Ke7 33. Kf2 g5 34. Re1 f5 35. Rxe4+ fxe4 36. Na5 Kd6 37. Nxb7+ Kd5 38. Ke2 Kc6 39. Na5+ Kc5 40. Nc4 Kb4 41. Nd6 e3 42. Nf5 1-0

[Event "ITA-ch sf"]
[Site "Fano"]
[Date "2012.04.15"]
[Round "1"]
[White "Brunello, Sabino"]
[Black "Marconi, Luca"]
[Result "1-0"]
[WhiteElo "2587"]
[BlackElo "1820"]
[PlyCount "103"]
[EventDate "2012.04.15"]
[EventType "swiss"]
[EventRounds "9"]
[EventCountry "ITA"]
[SourceTitle "EXT 2024"]
[Source "ChessBase"]
[SourceDate "2023.10.10"]
[SourceVersion "1"]
[SourceVersionDate "2023.10.10"]
[SourceQuality "1"]

1. e4 e6 2. d4 d5 3. Nd2 Nf6 4. e5 Nfd7 5. c3 c5 6. Bd3 Nc6 7. Ne2 f6 8. exf6 Nxf6 9. Nf3 Bd6 10. 0-0 0-0 11. Bg5 Qc7 12. Bh4 e5 13. dxe5 Nxe5 14. Nxe5 Bxe5 15. Bg3 Bxg3 16. Nxg3 Bd7 17. Bc2 Rae8 18. Qd3 g6 19. Qd2 Bc6 20. h3 Re7 21. Rfe1 Rfe8 22. Rxe7 Qxe7 23. Rd1 b6 24. a3 Kg7 25. Kh2 Qe5 26. Kg1 Qe7 27. Nf1 Qe5 28. Ne3 Qe7 29. Re1 Qd7 30. Nf1 Rxe1 31. Qxe1 Kf7 32. Ng3 Qe7 33. Qd2 Kg7 34. Bd3 Qe5 35. Ne2 Nh5 36. g4 Nf6 37. f4 Qe7 38. Ng3 Qd6 39. Kf2 Kf7 40. g5 Ne8 41. f5 gxf5 42. Bxf5 Ng7 43. Bxh7 d4 44. cxd4 cxd4 45. Bd3 Ne6 46. h4 Nf4 47. Bc4+ Bd5 48. Bxd5+ Qxd5 49. Qxf4+ Kg7 50. h5 d3 51. Nf5+ Kf8 52. Ne3+ 1-0

[Event "Fermo Provinciale-ch FM"]
[Site "Porto San Giorgio"]
[Date "2010.01.31"]
[Round "6"]
[White "Marconi, Luca"]
[Black "Vannicola, Roberto"]
[Result "1-0"]
[WhiteElo "1826"]
[BlackElo "1398"]
[PlyCount "33"]
[EventDate "2010.01.23"]
[EventType "swiss"]
[EventRounds "6"]
[EventCountry "ITA"]
[SourceTitle "EXT 2024"]
[Source "ChessBase"]
[SourceDate "2023.10.10"]
[SourceVersion "1"]
[SourceVersionDate "2023.10.10"]
[SourceQuality "1"]

1. d4 d5 2. c4 dxc4 3. e3 Nf6 4. Bxc4 Bf5 5. Qb3 Be6 6. Bxe6 fxe6 7. Qxe6 Qd5 8. Qc8+ Kf7 9. Nf3 e6 10. Nc3 Bb4 11. Qxh8 b6 12. Ne5+ Ke7 13. Qxg7+ Ke8 14. Qxf6 Qxg2 15. Qxe6+ Kd8 16. Qf6+ Kc8 17. Qf3 1-0

[Event "Fermo Provinciale-ch FM"]
[Site "Porto San Giorgio"]
[Date "2010.01.24"]
[Round "3"]
[White "Marconi, Luca"]
[Black "Balzano, Filli"]
[Result "1-0"]
[WhiteElo "1826"]
[BlackElo "1673"]
[PlyCount "101"]
[EventDate "2010.01.23"]
[EventType "swiss"]
[EventRounds "6"]
[EventCountry "ITA"]
[SourceTitle "EXT 2024"]
[Source "ChessBase"]
[SourceDate "2023.10.10"]
[SourceVersion "1"]
[SourceVersionDate "2023.10.10"]
[SourceQuality "1"]

1. d4 d5 2. c4 c6 3. Nc3 Nf6 4. Nf3 dxc4 5. e3 Bf5 6. Bxc4 e6 7. 0-0 b5 8. Bd3 Bxd3 9. Qxd3 Be7 10. Re1 Nbd7 11. Ne4 0-0 12. Qc2 Qb6 13. Nxf6+ Bxf6 14. Bd2 Be7 15. Rac1 Rac8 16. b4 Bf6 17. Bc3 Rfe8 18. Nd2 Qc7 19. Ne4 Be7 20. Nc5 Nxc5 21. dxc5 Rcd8 22. Qb2 Bf8 23. Red1 Rxd1+ 24. Rxd1 Rd8 25. Rxd8 Qxd8 26. Qd2 Qxd2 27. Bxd2 f6 28. Kf1 Kf7 29. Ke2 Be7 30. Kd3 Bd8 31. h3 Bc7 32. Bc3 Ke7 33. g4 g6 34. f4 f5 35. g5 Kf7 36. Bf6 Ke8 37. Kd4 Kf7 38. Be5 Bd8 39. Bd6 Ke8 40. Ke5 Kd7 41. a3 a6 42. e4 a5 43. exf5 exf5 44. h4 a4 45. h5 gxh5 46. Kxf5 Ke8 47. Ke6 h4 48. f5 Bxg5 49. f6 Bxf6 50. Kxf6 Kd7 51. Kf7 1-0

[Event "Fermo Provinciale-ch FM"]
[Site "Porto San Giorgio"]
[Date "2010.01.23"]
[Round "1"]
[White "Riano, Mirko Alessio"]
[Black "Marconi, Luca"]
[Result "0-1"]
[WhiteElo "1440"]
[BlackElo "1826"]
[PlyCount "42"]
[EventDate "2010.01.23"]
[EventType "swiss"]
[EventRounds "6"]
[EventCountry "ITA"]
[SourceTitle "EXT 2024"]
[Source "ChessBase"]
[SourceDate "2023.10.10"]
[SourceVersion "1"]
[SourceVersionDate "2023.10.10"]
[SourceQuality "1"]

1. e4 d6 2. d4 Nf6 3. Nc3 c6 4. Bg5 Nbd7 5. Nf3 Qc7 6. Bd3 e5 7. 0-0 Be7 8. dxe5 dxe5 9. Be3 Ng4 10. Qd2 Nxe3 11. Qxe3 0-0 12. a3 Nc5 13. b4 Nxd3 14. cxd3 Bg4 15. Rad1 Bxf3 16. Qxf3 a5 17. Rb1 axb4 18. axb4 Rfd8 19. Rb3 Qd7 20. Ne2 Qe6 21. Rfb1 Qxb3 0-1

[Event "Porto Sant Elpidio op 12th"]
[Site "Porto Sant Elpidio"]
[Date "2009.11.22"]
[Round "3"]
[White "Marconi, Luca"]
[Black "Briffault, Philippe"]
[Result "0-1"]
[WhiteElo "1815"]
[BlackElo "1930"]
[PlyCount "62"]
[EventDate "2009.11.21"]
[EventType "swiss"]
[EventRounds "6"]
[EventCountry "ITA"]
[SourceTitle "EXT 2012"]
[Source "ChessBase"]
[SourceDate "2011.11.24"]
[SourceVersion "1"]
[SourceVersionDate "2011.11.24"]
[SourceQuality "1"]

1. d4 Nf6 2. c4 g6 3. Nc3 Bg7 4. Nf3 0-0 5. e3 d6 6. Be2 b6 7. 0-0 c5 8. b3 e6 9. Bb2 a6 10. Qc2 Bb7 11. Rfd1 Qc7 12. Rac1 Nbd7 13. a3 Rfd8 14. Rd2 Rac8 15. Rcd1 Qb8 16. Ne1 d5 17. Bd3 cxd4 18. exd4 Ng4 19. g3 Qa8 20. Be2 Ngf6 21. f4 h5 22. Qd3 dxc4 23. bxc4 Nc5 24. Qe3 Nb3 25. Rc2 Ng4 26. Bxg4 hxg4 27. Na4 Bf3 28. Rd3 Qc6 29. Rxb3 Qxa4 30. Nxf3 gxf3 31. Rb4 Qxc2 0-1

[Event "Porto Sant Elpidio op-B 10th"]
[Site "Porto Sant Elpidio"]
[Date "2007.11.25"]
[Round "3"]
[White "Brandoni, Nicola"]
[Black "Marconi, Luca"]
[Result "1-0"]
[WhiteElo "1425"]
[BlackElo "1542"]
[PlyCount "87"]
[EventDate "2007.11.24"]
[EventType "swiss"]
[EventRounds "6"]
[EventCountry "ITA"]
[SourceTitle "EXT 2010"]
[Source "ChessBase"]
[SourceDate "2010.11.25"]
[SourceVersion "1"]
[SourceVersionDate "2010.11.25"]
[SourceQuality "1"]

1. e4 c6 2. d4 d5 3. e5 Bf5 4. h4 h6 5. g4 Bh7 6. f4 e6 7. c4 Nd7 8. Nc3 Be7 9. g5 Bf5 10. Nf3 Bg4 11. c5 b6 12. b4 Rb8 13. Be2 bxc5 14. bxc5 Bxf3 15. Bxf3 Qa5 16. Bd2 Qc7 17. Rb1 Rxb1 18. Qxb1 Qb8 19. Qxb8+ Nxb8 20. Kf2 Bd8 21. Na4 hxg5 22. fxg5 Ne7 23. Bg4 Nd7 24. Kg3 Nf8 25. Nb2 Nh7 26. Rf1 Bc7 27. Nd3 Ng6 28. Nf4 Nxh4 29. g6 Nxg6 30. Nxg6 fxg6 31. Bxe6 Rf8 32. Rh1 Rh8 33. Bg4 Bd8 34. Bd1 Kd7 35. Bc2 g5 36. Rxh7 Rxh7 37. Bxh7 Ke6 38. Bc2 Be7 39. Bb4 Kd7 40. Kg4 Bd8 41. Bd2 Be7 42. Bxg5 Bxg5 43. Kxg5 a5 44. Kg6 1-0